Office 2000 /

Office 2000: Beginning Course from Glencoe's Professional Approach Series equips students with the skills needed to successfully use Microsoft Office. An extensive array of exercises teaches and challenges students, while illustrations of screens and the accompanying icons help them to follow i...

Täydet tiedot

Tallennettuna:
Bibliografiset tiedot
Päätekijä: Hinkle Deborah
Muut tekijät: Tobias Carole, Stewart Kathleen, Fisher-Larson Sharon Anne, Marple Margaret
Aineistotyyppi: Kirja
Kieli:Vietnamese
Julkaistu: American : McGraw -Hill , 1999
Painos:In lần thứ 1
Aiheet:
Tagit: Lisää tagi
Ei tageja, Lisää ensimmäinen tagi!
Thư viện lưu trữ: Thư viện Trường CĐ Kỹ Thuật Cao Thắng
LEADER 01409nam a2200277 a 4500
001 TVCDKTCT6599
003 Thư viện trường Cao đẳng Kỹ thuật Cao Thắng
005 20070409000000
008 070409
980 \ \ |a Thư viện Trường CĐ Kỹ Thuật Cao Thắng 
024 |a RG_1 #1 eb0 i1 
020 # # |a 0-02-805600-0 
041 0 # |a vie 
082 # # |a 005.369 /   |b O-400F-d 
100 1 # |a Hinkle Deborah 
245 0 0 |a Office 2000 /  |c Hinkle Deborah, ...[et al.] 
250 # # |a In lần thứ 1 
260 # # |a American :  |b McGraw -Hill ,  |c 1999 
300 # # |a 1240tr. ;  |c 26cm. 
520 # # |a Office 2000: Beginning Course from Glencoe's Professional Approach Series equips students with the skills needed to successfully use Microsoft Office. An extensive array of exercises teaches and challenges students, while illustrations of screens and the accompanying icons help them to follow instructions for hands-on practice. Students gain real-world experience by performing many of the same tasks required in business settings. A comprehensive instructional package allows instructors to tailor the program to teaching styles, lab needs, student objectives, and student learning styles. 
650 # 4 |a Microsoft Office 2000 
650 # 4 |a Tin học văn phòng 
700 0 # |a Tobias Carole 
700 0 # |a Stewart Kathleen 
700 0 # |a Fisher-Larson Sharon Anne 
700 0 # |a Marple Margaret